Is valuation of property a real science ?

Oceňovanie majetku doprevádza ľudstvo od počiatku používania peňazí. V dobe formovania modernej vedy, nebola táto disciplína zahrnutá medzi ekonomické vedy, Článok sa zaoberá pojmom hodnoty a procesom oceňovania majetku. Filozofický prístup k hodnote a k procesu oceňovania umožňuje formulovať tvrden...

Descrizione completa

Salvato in:
Dettagli Bibliografici
Autore principale: Ryska, Jaromír
Altri autori: Valder, Antonín
Natura: Capitolo di libro
Lingua:inglese
Soggetti:
Tags: Aggiungi Tag
Nessun Tag, puoi essere il primo ad aggiungerne!!

MARC

LEADER 00000naa$a2200000$$$4500
001 0041567
005 20231114071542.4
041 0 |a eng 
044 |a CZ 
245 1 0 |a Is valuation of property a real science ?  |c Jaromír Ryska, Antonín Valder 
520 |a Oceňovanie majetku doprevádza ľudstvo od počiatku používania peňazí. V dobe formovania modernej vedy, nebola táto disciplína zahrnutá medzi ekonomické vedy, Článok sa zaoberá pojmom hodnoty a procesom oceňovania majetku. Filozofický prístup k hodnote a k procesu oceňovania umožňuje formulovať tvrdenie, že oceňovanie je veda v zmysle moderného chápania vedy. 
610 2 0 |a oceňovanie 
610 2 0 |a majetok 
610 2 0 |a ceny 
610 2 0 |a hodnota 
610 2 0 |a veda 
100 1 |a Ryska, Jaromír 
700 1 |a Valder, Antonín